The perfect pet / by Margie Palatini ; illustrated by Bruce Whatley.
After Elizabeth's parents do not agree with her various suggestions for the perfect pet, she discovers a solution.
Available copies
- 1 of 1 copy available at scottsboropl.
Holds
- 0 current holds with 1 total copy.
Show Only Available Copies
| Location | Call Number / Copy Notes | Barcode | Shelving Location | Status | Due Date |
|---|---|---|---|---|---|
| scottsboropl | E Pal | 32269000860752 | Juvenile - Easy | Available | - |
| LDR | 01004nam a2200301 a 4500 | ||
|---|---|---|---|
| 001 | 132558 | ||
| 003 | CONS | ||
| 005 | 20140703073307.0 | ||
| 008 | 020828s2003 nyua b 000 1 eng | ||
| 010 | . | ‡a 2002013384 | |
| 020 | . | ‡a0060001089 | |
| 020 | . | ‡a0060001097 | |
| 020 | . | ‡a9780060001100 | |
| 035 | . | ‡a(CPomAG)LMN504105 | |
| 042 | . | ‡alcac | |
| 050 | 0 | 0. | ‡aPZ7.P1755 ‡bPe 2003 |
| 082 | 0 | 0. | ‡a[E] ‡221 |
| 100 | 1 | . | ‡aPalatini, Margie. |
| 245 | 1 | 4. | ‡aThe perfect pet / ‡cby Margie Palatini ; illustrated by Bruce Whatley. |
| 250 | . | ‡a1st edition | |
| 260 | . | ‡aNew York : ‡bHarperCollins, ‡cc2003. | |
| 300 | . | ‡a1 v. (unpaged) : ‡bcolor illustrations ; ‡c22 x 25 cm. | |
| 520 | . | ‡aAfter Elizabeth's parents do not agree with her various suggestions for the perfect pet, she discovers a solution. | |
| 650 | 1. | ‡aPets ‡vFiction. | |
| 650 | 1. | ‡aInsects ‡vFiction. | |
| 700 | 1 | . | ‡aWhatley, Bruce. |
| 959 | . | ‡i32269000860752 ‡lE Pal ‡aJuvenile - Easy ‡tEasy ‡g19.00 | |
| 852 | . | ‡p32269000860752 ‡jE Pal ‡gJuvenile - Easy ‡cEasy ‡y19.00 ‡bSBPL | |
| 901 | . | ‡a132558 ‡bUnknown ‡c132558 ‡tbiblio | |